000 00786nam a2200193Ia 4500
003 OSt
005 20251208095104.0
007 ca aa aaaaa
008 201103s9999 xx 000 0 und d
040 _cSSBUL
041 _abur
082 _a၉၅၉.၁
_2ညို
100 _a ညိုကြီး၊ ရဲမြန်မာ-
_917416
245 0 _aမြတ်ကျမ်းရွှေစာအလင်္ကာခေါ်နရုပ္ပတ္တိရာဇဝင်သမိုင်းအကျဉ်းချုပ်၊ Outline of the royal history in Poem /
_cရဲမြန်မာညိုကြီး။
300 _a၈၉ စာမျက်နှာ ၊
_c၁၈ စင်တီ။
500 _aS-SAT: Dr. Sai Aung Tun
942 _cBK1
942 _2ddc
999 _c16850
_d16850